[Event "C.to Italiano U12"]
[Site "Courmayeur ITA"]
[Date "2013.07.01"]
[Round "2"]
[White "Iannello, Andrea"]
[Black "Di Nezio, Tommaso"]
[WhiteElo "1812"]
[BlackElo "1475"]
[Result "1-0"]
[PlyCount "49"]
[EventDate "2013.06.30"]

1. e4 c5 2. Nf3 Nc6 3. d4 cxd4 4. Nxd4 Nf6 5. Nc3 e5 6. Ndb5 d6 7. Bg5 a6 8.
Na3 b5 9. Bxf6 Qxf6 10. Nd5 Qd8 11. c3 Be6 12. Nc2 Bxd5 13. Qxd5 Rc8 14. Be2
Ne7 15. Qd3 Ng6 16. g3 Be7 17. Ne3 O-O 18. Rd1 Kh8 19. Nf5 Rc6 20. h4 Rg8 21.
Qd5 Rb6 22. Qxf7 b4 23. h5 Bg5 24. hxg6 h6 25. Nxh6 1-0

[Event "C.to Italiano U12"]
[Site "Courmayeur ITA"]
[Date "2013.07.01"]
[Round "3"]
[White "Carraro, Riccardo"]
[Black "D'Urbano, Gabriele"]
[WhiteElo "1771"]
[BlackElo "1628"]
[Result "0-1"]
[PlyCount "70"]
[EventDate "2013.06.30"]

1. e4 c5 2. Nc3 Nc6 3. Nf3 g6 4. Bc4 Bg7 5. d3 e6 6. O-O Nge7 7. Re1 O-O 8. a3
h6 9. Be3 d5 10. exd5 exd5 11. Bxc5 dxc4 12. Qe2 cxd3 13. cxd3 Be6 14. Rac1 b6
15. Be3 Rc8 16. h3 Nd5 17. Qd2 Kh7 18. Re2 Nxc3 19. bxc3 Bd5 20. Ne1 Na5 21.
Qb2 Nb3 22. Rcc2 Nc5 23. Bxc5 Rxc5 24. d4 Rc7 25. Nd3 Bc4 26. Re3 Bxd3 27. Rxd3
Rc4 28. Qb3 Qc7 29. d5 Rc8 30. d6 Qd7 31. Rc1 R4c6 32. Qb5 Rd8 33. Rcd1 Rxc3
34. Qxd7 Rxd7 35. Rxc3 Bxc3 0-1

[Event "C.to Italiano U12"]
[Site "Courmayeur ITA"]
[Date "2013.07.01"]
[Round "3"]
[White "Di Benedetto, Edoardo"]
[Black "Mirri, Pietro"]
[WhiteElo "1884"]
[BlackElo "1647"]
[Result "1-0"]
[PlyCount "83"]
[EventDate "2013.06.30"]

1. e4 e6 2. d4 d5 3. Nc3 Nf6 4. Bg5 dxe4 5. Nxe4 Be7 6. Bxf6 Bxf6 7. Nf3 Nc6 8.
c3 O-O 9. Bd3 b6 10. Qc2 h6 11. O-O Bb7 12. Nxf6+ Qxf6 13. Be4 Rab8 14. Qa4 b5
15. Qc2 Qf4 16. Rfe1 Ne7 17. Ne5 f5 18. Bxb7 Rxb7 19. Nd7 Re8 20. Nc5 Rb6 21.
Rxe6 Rxe6 22. Nxe6 Qd6 23. Nc5 Qg6 24. Qe2 Qc6 25. Re1 Kf7 26. Qh5+ Qg6 27.
Qxg6+ Kxg6 28. Ne6 c6 29. Nc7 Kf7 30. Nxe8 Kxe8 31. a4 a6 32. axb5 axb5 33. b3
Kd7 34. c4 Nc8 35. Re5 bxc4 36. bxc4 g6 37. d5 cxd5 38. cxd5 Ne7 39. Re6 h5 40.
Rf6 Nxd5 41. Rxg6 Ke7 42. Rg5 1-0

[Event "C.to Italiano U12"]
[Site "Courmayeur ITA"]
[Date "2013.07.01"]
[Round "3"]
[White "Sonis, Luca"]
[Black "Iannello, Andrea"]
[WhiteElo "1600"]
[BlackElo "1812"]
[Result "1/2-1/2"]
[PlyCount "69"]
[EventDate "2013.06.30"]

1. e4 c5 2. Nf3 d6 3. Nc3 Nf6 4. d3 e6 5. g3 Be7 6. Bg2 Nc6 7. Be3 O-O 8. O-O
a6 9. a3 Qc7 10. Re1 d5 11. exd5 Nxd5 12. Nxd5 exd5 13. Bf4 Bd6 14. Bxd6 Qxd6
15. d4 c4 16. Ne5 Ne7 17. b3 cxb3 18. cxb3 f6 19. Nf3 Bg4 20. Qd2 Rac8 21. a4
Rc7 22. Rac1 Nc6 23. Rc5 b6 24. Rc3 Rfc8 25. Rec1 Qb4 26. Qf4 Nxd4 27. Nxd4
Rxc3 28. Bxd5+ Kh8 29. Rxc3 Qxc3 30. Qxg4 Qe1+ 31. Kg2 Rc1 32. Ne2 Qf1+ 33. Kf3
Qh1+ 34. Ke3 Qe1 35. Ke4 1/2-1/2

[Event "C.to Italiano U12"]
[Site "Courmayeur ITA"]
[Date "2013.07.02"]
[Round "4"]
[White "D'Urbano, Gabriele"]
[Black "Mazzoccoli, Simone"]
[WhiteElo "1628"]
[BlackElo "1730"]
[Result "1/2-1/2"]
[PlyCount "100"]
[EventDate "2013.06.30"]

1. e4 c5 2. Nf3 Nc6 3. d4 cxd4 4. Nxd4 g6 5. Nc3 Bg7 6. Be3 Nf6 7. Be2 O-O 8.
O-O d5 9. exd5 Nxd5 10. Nxd5 Qxd5 11. Bf3 Qa5 12. Bxc6 bxc6 13. c3 Qc7 14. Re1
Rd8 15. Qe2 e5 16. Nb3 Bf5 17. Rad1 a5 18. Rxd8+ Rxd8 19. Qa6 Rb8 20. Bc1 Bb1
21. Nxa5 Bxa2 22. Nxc6 Re8 23. Qxa2 Qxc6 24. Be3 Ra8 25. Qb3 Qa6 26. Rd1 Qc6
27. h3 Qc7 28. Qb6 Qxb6 29. Bxb6 Rb8 30. Rd8+ Rxd8 31. Bxd8 Kf8 32. Kf1 Ke8 33.
Ba5 Kd7 34. Ke2 Kc6 35. Kd3 f5 36. g4 fxg4 37. hxg4 h5 38. gxh5 gxh5 39. Bd8
Kd7 40. Bh4 Ke6 41. Ke4 Bh6 42. Bg3 Bg7 43. f4 exf4 44. Bxf4 Bf6 45. Bh2 Bg7
46. Kf4 Be5+ 47. Kg5 Bxh2 48. Kxh5 Be5 49. Kg4 Bxc3 50. bxc3 Ke5 1/2-1/2

[Event "C.to Italiano U12"]
[Site "Courmayeur ITA"]
[Date "2013.07.02"]
[Round "4"]
[White "Manfredi, Sabino"]
[Black "Ramundi, Lorenzo"]
[WhiteElo "1769"]
[BlackElo "1649"]
[Result "1/2-1/2"]
[PlyCount "83"]
[EventDate "2013.06.30"]

1. e4 c5 2. Nf3 g6 3. d4 cxd4 4. Nxd4 Nc6 5. Nc3 Bg7 6. Be3 Nf6 7. Be2 O-O 8.
O-O d5 9. Nxc6 bxc6 10. e5 Nd7 11. f4 Nb6 12. a4 f6 13. exf6 exf6 14. b4 f5 15.
Bd4 Be6 16. Bxg7 Kxg7 17. Qd4+ Qf6 18. Qxf6+ Kxf6 19. a5 Nd7 20. b5 cxb5 21.
Bxb5 Rfc8 22. Rf3 d4 23. Bxd7 Bxd7 24. Ne2 Rxc2 25. Nxd4 Rd2 26. Nb3 Rc2 27.
Rd1 Bc6 28. Rf2 Be4 29. Nd4 Rd8 30. Rxc2 Bxc2 31. Rd2 Be4 32. Kf2 Rd5 33. Nb3
Rb5 34. Nd4 Rxa5 35. Nb3 Rb5 36. Nd4 Rd5 37. Ke3 Ra5 38. Kf2 Rd5 39. Ke3 a5 40.
Ra2 Rc5 41. g3 Ke7 42. Ra3 1/2-1/2

[Event "C.to Italiano U12"]
[Site "Courmayeur ITA"]
[Date "2013.07.02"]
[Round "4"]
[White "Savalla, Gianluca"]
[Black "Di Benedetto, Edoardo"]
[WhiteElo "1653"]
[BlackElo "1884"]
[Result "1/2-1/2"]
[PlyCount "53"]
[EventDate "2013.06.30"]

1. d4 d5 2. Nf3 Nf6 3. e3 c5 4. c3 Nbd7 5. Bd3 g6 6. Nbd2 Bg7 7. O-O O-O 8. Re1
Qc7 9. e4 dxe4 10. Nxe4 Nxe4 11. Bxe4 cxd4 12. Nxd4 Nc5 13. Nf3 Nxe4 14. Rxe4
Bf5 15. Re1 Rad8 16. Qe2 e6 17. Bd2 Rd7 18. Rad1 Bc2 19. Rc1 Bd3 20. Qe3 Ra8
21. Nd4 Ba6 22. Nf3 Rd3 23. Qf4 Qxf4 24. Bxf4 Rad8 25. Be3 b6 26. h3 Bc4 27. a3
1/2-1/2

[Event "C.to Italiano U12"]
[Site "Courmayeur ITA"]
[Date "2013.07.03"]
[Round "5"]
[White "Di Benedetto, Edoardo"]
[Black "Corona, Rafaele"]
[WhiteElo "1884"]
[BlackElo "1661"]
[Result "1-0"]
[PlyCount "47"]
[EventDate "2013.06.30"]

1. e4 d5 2. exd5 Nf6 3. Bb5+ Bd7 4. Be2 Nxd5 5. d4 Bf5 6. a3 e6 7. c4 Nb6 8.
Be3 Be7 9. Nf3 O-O 10. b4 Bf6 11. Nbd2 N8d7 12. O-O c6 13. Rc1 e5 14. dxe5 Nxe5
15. Nxe5 Bxe5 16. c5 Nd5 17. Nc4 Nxe3 18. Qxd8 Raxd8 19. fxe3 Rd5 20. Bf3 Bd3
21. Bxd5 Bxh2+ 22. Kxh2 Bxf1 23. Rxf1 cxd5 24. Nd6 1-0

[Event "C.to Italiano U12"]
[Site "Courmayeur ITA"]
[Date "2013.07.03"]
[Round "5"]
[White "Lyabel, Giacomo"]
[Black "Pomilio, Riccardo"]
[WhiteElo "1519"]
[BlackElo "1740"]
[Result "0-1"]
[PlyCount "110"]
[EventDate "2013.06.30"]

1. e4 c5 2. Nf3 Nc6 3. d4 cxd4 4. Nxd4 g6 5. Nc3 Bg7 6. Nf3 Nf6 7. Bc4 O-O 8.
O-O d6 9. Bg5 a6 10. a4 Nd7 11. Rb1 Nb6 12. Bb3 Qc7 13. Be3 Bg4 14. h3 Bxf3 15.
Qxf3 e6 16. Rfd1 Rad8 17. Rd2 Ne5 18. Qe2 Nbc4 19. Bxc4 Nxc4 20. Rd3 Qc6 21.
Bd4 Bxd4 22. Rxd4 Nxb2 23. Rxb2 Qxc3 24. Rdb4 Rb8 25. Rxb7 Rxb7 26. Rxb7 Qa1+
27. Kh2 Qxa4 28. Ra7 Qb5 29. Qxb5 axb5 30. Rb7 Rc8 31. Rxb5 Rxc2 32. f3 Kg7 33.
Kg1 Rd2 34. Kf1 Kf6 35. g4 g5 36. Rb6 d5 37. exd5 Rxd5 38. Ke2 Re5+ 39. Kf2 Ra5
40. Kg3 h6 41. Rb4 Ke5 42. Rb7 Kf6 43. Rb4 Rd5 44. Re4 e5 45. Re2 Ke6 46. h4 f5
47. hxg5 hxg5 48. Rh2 f4+ 49. Kh3 Rd3 50. Rf2 e4 51. Kg2 Rxf3 52. Rxf3 exf3+
53. Kxf3 Ke5 54. Ke2 Ke4 55. Kf2 f3 0-1

[Event "C.to Italiano U12"]
[Site "Courmayeur ITA"]
[Date "2013.07.03"]
[Round "5"]
[White "Nordio, Giorgio"]
[Black "Sonis, Francesco"]
[WhiteElo "1661"]
[BlackElo "1697"]
[Result "0-1"]
[PlyCount "68"]
[EventDate "2013.06.30"]

1. c4 Nf6 2. g3 g6 3. Bg2 Bg7 4. Nf3 d6 5. Nc3 O-O 6. O-O e5 7. d3 h6 8. Rb1 a5
9. a3 Ne8 10. Bd2 f5 11. Qc1 Kh7 12. b4 axb4 13. axb4 f4 14. Ne4 g5 15. Qc2 Bf5
16. b5 Bxe4 17. dxe4 Nd7 18. Bb4 b6 19. Nd2 Bf6 20. Rb3 Ng7 21. Bh3 Be7 22. Nb1
Rf7 23. Nc3 Nf8 24. Nd5 Nfe6 25. e3 fxe3 26. fxe3 Rxf1+ 27. Bxf1 g4 28. Rb2 Ng5
29. Bg2 N7e6 30. Qf2 Ra1+ 31. Be1 Nc5 32. Nb4 Qf8 33. Qxf8 Bxf8 34. Kf1 Ncxe4
0-1

[Event "C.to Italiano U12"]
[Site "Courmayeur ITA"]
[Date "2013.07.03"]
[Round "6"]
[White "Iannello, Andrea"]
[Black "Lizzul Coppe, Mirko"]
[WhiteElo "1812"]
[BlackElo "1580"]
[Result "1-0"]
[PlyCount "35"]
[EventDate "2013.06.30"]

1. e4 c5 2. Nf3 d6 3. d4 cxd4 4. Nxd4 Nf6 5. Nc3 a6 6. Be3 e6 7. f3 Nbd7 8. Qd2
b5 9. Qf2 Bb7 10. O-O-O b4 11. Nce2 Be7 12. g4 h6 13. h4 Ne5 14. Ng3 Ned7 15.
Be2 d5 16. g5 Ng8 17. Nh5 Kf8 18. g6 1-0

[Event "C.to Italiano U12"]
[Site "Courmayeur ITA"]
[Date "2013.07.03"]
[Round "6"]
[White "Savalla, Gianluca"]
[Black "Pitzanti, Matteo"]
[WhiteElo "1653"]
[BlackElo "1708"]
[Result "0-1"]
[PlyCount "94"]
[EventDate "2013.06.30"]

1. d4 Nf6 2. Nf3 g6 3. Nbd2 Bg7 4. e4 d6 5. Bd3 O-O 6. O-O Nbd7 7. c3 c5 8. Re1
a6 9. Nf1 b5 10. Bd2 Bb7 11. Qc1 Rc8 12. Bh6 cxd4 13. Bxg7 Kxg7 14. Nxd4 Nc5
15. Qc2 e5 16. Nb3 Ne6 17. Qd2 Nf4 18. Ng3 Qb6 19. h3 Rfd8 20. Bc2 Qc7 21. Rac1
d5 22. Qe3 dxe4 23. Rcd1 Rxd1 24. Rxd1 N6d5 25. Qe1 f5 26. Bb1 a5 27. Ne2 a4
28. Nxf4 Nxf4 29. Nc1 Qc6 30. Qd2 Nd3 31. f3 Nxc1 32. Qd7+ Kh6 33. Qd2+ f4 34.
fxe4 Nxa2 35. Bxa2 Qxe4 36. Qf2 Qf5 37. Bb1 Qg5 38. Rd7 Bc6 39. Ra7 f3 40. g4
Rd8 41. Qe1 Rf8 42. Qf2 e4 43. h4 Qxg4+ 44. Kf1 Qh3+ 45. Ke1 Qh1+ 46. Kd2 Rd8+
47. Bd3 Rxd3+ 0-1

[Event "C.to Italiano U12"]
[Site "Courmayeur ITA"]
[Date "2013.07.03"]
[Round "6"]
[White "Sonis, Francesco"]
[Black "Di Benedetto, Edoardo"]
[WhiteElo "1697"]
[BlackElo "1884"]
[Result "1/2-1/2"]
[PlyCount "98"]
[EventDate "2013.06.30"]

1. e4 e6 2. d4 d5 3. e5 c5 4. c3 Nc6 5. Nf3 Qb6 6. Be2 cxd4 7. cxd4 Bb4+ 8. Nc3
Nge7 9. Bd3 Bd7 10. Bc2 Rc8 11. a3 Bxc3+ 12. bxc3 Na5 13. Bd2 Nc4 14. Ba4 Nxd2
15. Bxd7+ Kxd7 16. Kxd2 Qb2+ 17. Qc2 Qxc2+ 18. Kxc2 Nc6 19. Kd3 h6 20. Nd2 Na5
21. Rab1 b6 22. Rhc1 Rc7 23. f4 g6 24. h3 h5 25. h4 Rhc8 26. a4 Rc6 27. Rc2
R8c7 28. Rbb2 Nc4 29. Nxc4 Rxc4 30. Rb4 R7c6 31. Rxc4 Rxc4 32. Ra2 Kc6 33. Kc2
Kb7 34. Kb3 Ka6 35. Ra1 Ka5 36. Ra2 a6 37. Ra1 b5 38. axb5+ Kxb5 39. Kc2 a5 40.
Rb1+ Ka6 41. Rb8 Rc7 42. Ra8+ Kb6 43. Kb3 Rc4 44. Rf8 a4+ 45. Kc2 Rc7 46. Kb2
a3+ 47. Kb3 Ra7 48. Ka2 Kb5 49. Rc8 Ra4 1/2-1/2

[Event "C.to Italiano U12"]
[Site "Courmayeur ITA"]
[Date "2013.07.04"]
[Round "7"]
[White "Di Benedetto, Edoardo"]
[Black "Nordio, Giorgio"]
[WhiteElo "1884"]
[BlackElo "1661"]
[Result "1-0"]
[PlyCount "85"]
[EventDate "2013.06.30"]

1. e4 c6 2. d4 d5 3. exd5 cxd5 4. Bd3 g6 5. c3 Nh6 6. Bxh6 Bxh6 7. Nf3 O-O 8.
O-O Bf5 9. Ne5 Bxd3 10. Nxd3 Nd7 11. Nd2 e6 12. Nb3 b6 13. Re1 Rc8 14. Qg4 Bg7
15. Nf4 Nf6 16. Qe2 Re8 17. f3 Qd7 18. Nd3 Red8 19. Ne5 Qc7 20. Rac1 Ne8 21.
Rcd1 Nd6 22. Nd2 b5 23. Nb3 Nc4 24. Nd3 Bf8 25. Nbc5 Na5 26. Rb1 Nb7 27. b4 Nd6
28. Ra1 Ra8 29. a4 a6 30. Ra2 Bg7 31. Kh1 Qc6 32. Rea1 Nc4 33. axb5 axb5 34.
Ra6 Rxa6 35. Rxa6 Qc7 36. Qa2 Rb8 37. Ra7 Qd8 38. Nf4 Qg5 39. Ncxe6 Qf6 40. Ra8
Rf8 41. Nxf8 Bxf8 42. g3 g5 43. Rxf8+ 1-0

[Event "C.to Italiano U12"]
[Site "Courmayeur ITA"]
[Date "2013.07.04"]
[Round "7"]
[White "Orfini, Nicolo'"]
[Black "Iannello, Andrea"]
[WhiteElo "1588"]
[BlackElo "1812"]
[Result "0-1"]
[PlyCount "114"]
[EventDate "2013.06.30"]

1. Nf3 d5 2. g3 Nf6 3. Bg2 e6 4. O-O Be7 5. d3 O-O 6. Nbd2 c5 7. Re1 Nc6 8. e4
Qc7 9. Qe2 Rb8 10. Nf1 dxe4 11. dxe4 e5 12. c3 b5 13. Bg5 Be6 14. h3 Rfd8 15.
Bxf6 Bxf6 16. Ne3 Rd7 17. g4 a6 18. a4 Na5 19. axb5 axb5 20. g5 Be7 21. Nf5 Bc4
22. Nxe7+ Rxe7 23. Qe3 Bb3 24. Nd2 Be6 25. Bf1 Rd7 26. Nf3 Nc4 27. Bxc4 Bxc4
28. Rad1 Rbd8 29. Rxd7 Rxd7 30. Ra1 g6 31. Ne1 Qd6 32. Qf3 Rd8 33. Qg4 Qd2 34.
h4 Be2 35. Qg3 Qxb2 36. Ra6 Qc1 37. f3 Qxc3 38. Ng2 b4 39. Rc6 b3 40. Rb6 b2
41. Kh2 Qxf3 42. Qxe5 c4 43. Rd6 Rb8 44. Rxg6+ hxg6 45. Qxb8+ Kh7 46. Qxb2 c3
47. Qa2 Bd3 48. Kg1 c2 49. Qa3 Qf1+ 50. Kh2 c1=Q 51. Qa7 Bxe4 52. Qa2 Qxg2+ 53.
Qxg2 Bxg2 54. Kxg2 Qd2+ 55. Kf3 Qd4 56. Kg3 f6 57. gxf6 Qxf6 0-1

[Event "C.to Italiano U12"]
[Site "Courmayeur ITA"]
[Date "2013.07.04"]
[Round "7"]
[White "Pitzanti, Matteo"]
[Black "Sonis, Francesco"]
[WhiteElo "1708"]
[BlackElo "1697"]
[Result "1/2-1/2"]
[PlyCount "39"]
[EventDate "2013.06.30"]

1. e4 c5 2. Nf3 d6 3. d4 cxd4 4. Nxd4 Nf6 5. Nc3 a6 6. Be3 Ng4 7. Bg5 h6 8. Bh4
g5 9. Bg3 Bg7 10. Qd2 Nc6 11. Nb3 Be6 12. f3 Nge5 13. Nd5 Nd7 14. c3 Rc8 15.
Be2 Nf6 16. Bf2 b5 17. h4 g4 18. Nxf6+ Bxf6 19. fxg4 Qd7 20. Nd4 1/2-1/2

[Event "C.to Italiano U12"]
[Site "Courmayeur ITA"]
[Date "2013.07.05"]
[Round "8"]
[White "Iannello, Andrea"]
[Black "Di Benedetto, Edoardo"]
[WhiteElo "1812"]
[BlackElo "1884"]
[Result "1/2-1/2"]
[PlyCount "63"]
[EventDate "2013.06.30"]

1. e4 e6 2. Nf3 d5 3. Nc3 dxe4 4. Nxe4 Be7 5. d4 Nf6 6. Bd3 Bd7 7. c3 Bc6 8.
Nxf6+ Bxf6 9. Bf4 Nd7 10. Qe2 O-O 11. h4 Bxf3 12. Qxf3 e5 13. dxe5 Bxe5 14.
O-O-O Qf6 15. Be3 Qxf3 16. gxf3 Nf6 17. Rhg1 Rfd8 18. Bg5 Kh8 19. Bc4 h6 20.
Be3 Rxd1+ 21. Rxd1 Kg8 22. Rg1 Kf8 23. Bc5+ Bd6 24. Bd4 b6 25. Bb5 c5 26. Be3
Rd8 27. Rd1 Ke7 28. Re1 Kf8 29. Rd1 Ke7 30. Kc2 Bc7 31. Bd3 Nd5 32. Bd2 1/2-1/2

[Event "C.to Italiano U12"]
[Site "Courmayeur ITA"]
[Date "2013.07.05"]
[Round "8"]
[White "Sonis, Francesco"]
[Black "Ramundi, Lorenzo"]
[WhiteElo "1697"]
[BlackElo "1649"]
[Result "1-0"]
[PlyCount "99"]
[EventDate "2013.06.30"]

1. e4 c5 2. Nf3 g6 3. d4 cxd4 4. Nxd4 Nc6 5. c4 Nf6 6. Nc3 Nxd4 7. Qxd4 Bg7 8.
e5 Ng8 9. c5 f6 10. Bf4 f5 11. Rd1 e6 12. Nb5 a6 13. Nd6+ Kf8 14. b4 a5 15. a3
axb4 16. axb4 g5 17. Bc1 f4 18. Nxc8 Qxc8 19. Qxd7 Bxe5 20. Qxc8+ Rxc8 21. Bc4
Ke7 22. O-O Bc3 23. b5 Nf6 24. Ba3 Ne4 25. c6+ Kf7 26. Rd7+ Kf6 27. Be7+ Ke5
28. c7 Ba5 29. Ba3 Kf5 30. Bd3 Bb6 31. Kh1 g4 32. f3 gxf3 33. gxf3 Bxc7 34.
Bxe4+ Kg5 35. Bxb7 Bb6 36. Bxc8 Rxc8 37. Rd6 Be3 38. Rxe6 Rc3 39. Bb4 Rb3 40.
Re4 Rd3 41. Be1 Rd5 42. Bf2 Bxf2 43. Rxf2 Rxb5 44. Kg2 Rf5 45. Rfe2 Kh4 46. Re5
Rf7 47. Re7 Rxe7 48. Rxe7 h5 49. Ra7 Kg5 50. Kh3 1-0

[Event "C.to Italiano U12"]
[Site "Courmayeur ITA"]
[Date "2013.07.05"]
[Round "8"]
[White "Wang, Cesare"]
[Black "Pitzanti, Matteo"]
[WhiteElo "1724"]
[BlackElo "1708"]
[Result "1/2-1/2"]
[PlyCount "80"]
[EventDate "2013.06.30"]

1. d4 Nf6 2. c4 g6 3. f3 Bg7 4. e4 d6 5. Nc3 O-O 6. Be3 c5 7. dxc5 dxc5 8. Bxc5
Qc7 9. Be3 Rd8 10. Qc2 Nc6 11. Nd5 Qb8 12. Bf4 e5 13. Bg5 Nd4 14. Qd2 Nxd5 15.
cxd5 Re8 16. Ne2 f5 17. Nxd4 exd4 18. Bf4 Be5 19. Bxe5 Qxe5 20. O-O-O fxe4 21.
Qxd4 Qg5+ 22. Kb1 Bf5 23. g4 Bd7 24. Bc4 Qe5 25. d6+ Kg7 26. fxe4 Rad8 27. h3
Bc6 28. Ka1 Qxd4 29. Rxd4 Rxe4 30. Rxe4 Bxe4 31. Rd1 Bg2 32. Rd3 Bf1 33. Rd4
Bxc4 34. Rxc4 Rxd6 35. Rc7+ Kh6 36. b3 Rb6 37. h4 g5 38. hxg5+ Kxg5 39. Rxh7
Kxg4 40. Kb2 Kg5 1/2-1/2

[Event "C.to Italiano U12"]
[Site "Courmayeur ITA"]
[Date "2013.07.06"]
[Round "9"]
[White "Botta, Massimiliano"]
[Black "Wang, Cesare"]
[WhiteElo "1620"]
[BlackElo "1724"]
[Result "0-1"]
[PlyCount "32"]
[EventDate "2013.06.30"]

1. c4 c6 2. g3 d5 3. b3 Nf6 4. Bg2 Bf5 5. Nf3 Nbd7 6. Bb2 e6 7. O-O Qb6 8. d3
Be7 9. Nbd2 O-O 10. Rc1 Rfd8 11. cxd5 exd5 12. Qc2 Bb4 13. a3 Bxd2 14. Nxd2 Re8
15. Rfe1 Ng4 16. Bd4 Qxd4 0-1

[Event "C.to Italiano U12"]
[Site "Courmayeur ITA"]
[Date "2013.07.06"]
[Round "9"]
[White "Di Benedetto, Edoardo"]
[Black "Pitzanti, Matteo"]
[WhiteElo "1884"]
[BlackElo "1708"]
[Result "1/2-1/2"]
[PlyCount "132"]
[EventDate "2013.06.30"]

1. e4 c5 2. Nf3 d6 3. d4 cxd4 4. Qxd4 Nc6 5. Bb5 Bd7 6. Bxc6 Bxc6 7. c4 e5 8.
Qd3 Nf6 9. Nc3 Be7 10. Bg5 Qc7 11. Bxf6 Bxf6 12. O-O O-O 13. Rfd1 Be7 14. b4 b6
15. Rac1 Rac8 16. Rc2 Rfd8 17. Rdc1 Bf8 18. Nd2 Be7 19. Nd5 Bxd5 20. cxd5 Qb7
21. Rc6 Bg5 22. b5 g6 23. Rxc8 Rxc8 24. Rc6 Bxd2 25. Qxd2 Qd7 26. Qc1 Ra8 27.
a4 Kg7 28. Rc7 Qg4 29. f3 Qh4 30. g3 Qh5 31. Kg2 g5 32. h3 Qh6 33. h4 a6 34.
hxg5 Qg6 35. bxa6 Rxa6 36. Rc4 Ra5 37. Rb4 Ra6 38. Qd2 Ra5 39. Qe3 Rc5 40. Qd2
Ra5 41. Rxb6 Rxa4 42. Rb1 Rxe4 43. Rb4 Rxb4 44. Qxb4 Qc2+ 45. Kh3 Qf5+ 46. Qg4
Qd3 47. Qe4 Qd4 48. Kg4 Qc5 49. f4 exf4 50. gxf4 Qg1+ 51. Kf5 Qc5 52. Qd3 Qc8+
53. Ke4 Qe8+ 54. Kf3 Qd7 55. Kg3 Qe7 56. Kf2 Qa7+ 57. Kg2 Qa2+ 58. Kg3 Qa1 59.
Qe3 Qh1 60. Qc3+ Kg8 61. Qc8+ Kg7 62. Qf5 Qg1+ 63. Kf3 Qf1+ 64. Ke3 Qe1+ 65.
Kd4 Qa1+ 66. Kc4 Qa4+ 1/2-1/2

[Event "C.to Italiano U12"]
[Site "Courmayeur ITA"]
[Date "2013.07.06"]
[Round "9"]
[White "Iannello, Andrea"]
[Black "Sonis, Francesco"]
[WhiteElo "1812"]
[BlackElo "1697"]
[Result "1/2-1/2"]
[PlyCount "41"]
[EventDate "2013.06.30"]

1. e4 c5 2. Nf3 d6 3. d4 cxd4 4. Nxd4 Nf6 5. Nc3 a6 6. Rg1 b5 7. g4 Bb7 8. f3
e5 9. Nf5 g6 10. Ng3 b4 11. Nce2 Nc6 12. h4 h5 13. g5 Nd7 14. Be3 Rc8 15. Bh3
Ncb8 16. Qd2 a5 17. O-O-O Na6 18. f4 b3 19. axb3 Nb4 20. c3 Ba6 21. Kb1 1/2-1/2

[Event "XVIII Memorial Bertolini"]
[Site "Genova ITA"]
[Date "2013.06.22"]
[Round "3"]
[White "Astengo, Marcello"]
[Black "Stromboli, Carlo"]
[WhiteElo "2093"]
[BlackElo "2310"]
[Result "0-1"]
[PlyCount "114"]
[EventDate "2013.06.21"]

1. d4 Nf6 2. c4 e6 3. Nc3 Bb4 4. e3 b6 5. Bd3 Bb7 6. Nf3 Bxc3+ 7. bxc3 Ne4 8.
Qc2 f5 9. O-O O-O 10. Ba3 d6 11. Rad1 Nd7 12. Ne1 Qh4 13. f3 Nef6 14. d5 Rae8
15. Bc1 g6 16. Be2 exd5 17. cxd5 Bxd5 18. Rd4 Qh5 19. Nd3 Bf7 20. Nf4 Qh6 21.
e4 g5 22. Nd5 Bxd5 23. exd5 f4 24. Bd3 Re7 25. g3 Nh5 26. Kg2 Rfe8 27. Qd2 Nc5
28. Bb5 Rf8 29. Rh1 a6 30. Bf1 Qg6 31. g4 Nf6 32. h4 h6 33. c4 Nfd7 34. Kg1 Ne5
35. Qg2 Rfe8 36. Qh3 Rh7 37. Rh2 Ree7 38. Rd1 Ncd7 39. Rf2 h5 40. gxh5 Qxh5 41.
Be2 Qxh4 42. Qxh4 Rxh4 43. Rg2 Rg7 44. Kf2 Nc5 45. Bb2 Kf7 46. Bd4 g4 47. Bxe5
g3+ 48. Kg1 Rgh7 49. Rxg3 Rh1+ 50. Kf2 fxg3+ 51. Bxg3 Rxd1 52. Bxd1 Rh1 53. Ke2
Nd3 54. a3 Nb2 55. Bb3 a5 56. Bf4 a4 57. Bc2 Rh4 0-1

[Event "XVIII Memorial Bertolini"]
[Site "Genova ITA"]
[Date "2013.06.22"]
[Round "3"]
[White "Boschi, Massimiliano"]
[Black "Brun, Dario"]
[WhiteElo "1953"]
[BlackElo "2241"]
[Result "0-1"]
[PlyCount "58"]
[EventDate "2013.06.21"]

1. e3 e5 2. c4 Nf6 3. Nc3 Nc6 4. g3 d5 5. cxd5 Nxd5 6. Bg2 Ndb4 7. Nge2 Nd3+ 8.
Kf1 Qf6 9. Ne4 Qg6 10. Qb3 Nc5 11. Nxc5 Bxc5 12. Qb5 Be7 13. Bxc6+ Qxc6 14.
Qxc6+ bxc6 15. d4 Bb4 16. dxe5 Bh3+ 17. Kg1 O-O-O 18. Nd4 c5 19. a3 Ba5 20. b4
cxd4 21. bxa5 dxe3 22. Bxe3 Rd3 23. Re1 Rhd8 24. f3 Rxe3 25. Kf2 Rxe1 26. Rxe1
Be6 27. Ke3 Rd5 28. Ke4 Rxa5 29. Re3 Ra4+ 0-1

[Event "XVIII Memorial Bertolini"]
[Site "Genova ITA"]
[Date "2013.06.22"]
[Round "3"]
[White "Milleri, Leonardo"]
[Black "Gioseffi, Massimiliano"]
[WhiteElo "1914"]
[BlackElo "2187"]
[Result "0-1"]
[PlyCount "126"]
[EventDate "2013.06.21"]

1. d4 Nf6 2. c4 e6 3. g3 c5 4. d5 exd5 5. cxd5 d6 6. Bg2 g6 7. Nc3 Bg7 8. Nf3
O-O 9. O-O Re8 10. Nd2 a6 11. a4 Nbd7 12. Nc4 Ne5 13. Nxe5 Rxe5 14. e4 Re8 15.
h3 Rb8 16. Qd3 Nd7 17. f4 b6 18. Kh1 Bb7 19. Ra2 Rc8 20. b3 Qc7 21. Qf3 c4 22.
b4 a5 23. Nb5 Qb8 24. bxa5 bxa5 25. Bb2 Bxb2 26. Rxb2 Ba6 27. Qc3 Nc5 28. Qxa5
Bxb5 29. Rxb5 Qc7 30. Qxc7 Rxc7 31. e5 dxe5 32. d6 Rcc8 33. Rd1 Nd7 34. Rb7
Red8 35. fxe5 Nxe5 36. Rc7 Kg7 37. Rxc8 Rxc8 38. a5 Nd7 39. a6 c3 40. a7 c2 41.
Rc1 Nb6 42. Be4 Rd8 43. Rxc2 Rxd6 44. a8=Q Nxa8 45. Bxa8 h5 46. Kg2 Rd7 47. Rc3
Ra7 48. Bd5 Rd7 49. Bb3 Re7 50. Kf3 Ra7 51. Ke4 Rd7 52. Rf3 Ra7 53. Ke5 f6+ 54.
Rxf6 Ra5+ 55. Bd5 Rxd5+ 56. Kxd5 Kxf6 57. Ke4 g5 58. Ke3 Ke5 59. g4 h4 60. Ke2
Ke4 61. Kf2 Kf4 62. Kg2 Ke3 63. Kf1 Kf3 0-1

[Event "XVIII Memorial Bertolini"]
[Site "Genova ITA"]
[Date "2013.06.22"]
[Round "3"]
[White "Rivara, Massimo"]
[Black "Mortola, Alberto"]
[WhiteElo "1781"]
[BlackElo "1933"]
[Result "0-1"]
[PlyCount "94"]
[EventDate "2013.06.21"]

1. e4 e5 2. Nc3 Nf6 3. Bc4 Nc6 4. d3 Bc5 5. Nf3 d6 6. Na4 Bb6 7. Nxb6 axb6 8.
a3 O-O 9. O-O h6 10. Be3 Be6 11. Nd2 Qd7 12. Bb5 Ng4 13. d4 Nxe3 14. fxe3 Bg4
15. Qe1 Qe7 16. Qg3 Bd7 17. d5 Nb8 18. Be2 Qg5 19. Qxg5 hxg5 20. Rf2 f6 21. Bh5
Na6 22. Raf1 Nc5 23. Be2 Na4 24. Rb1 Nc5 25. Rff1 Kf7 26. Kf2 Ke7 27. g3 f5 28.
Kg1 Nxe4 29. Nxe4 fxe4 30. Bh5 Bh3 31. Rf2 Rxf2 32. Kxf2 Rf8+ 33. Ke2 Rf3 34.
Kd2 g4 35. Rh1 g6 36. Bxg4 Bxg4 37. h3 Rf2+ 38. Kc3 Bf3 39. Rg1 Re2 40. Kb3
Rxe3+ 41. c3 Re2 42. g4 Rh2 43. Rg3 Rg2 44. Rxg2 Bxg2 45. h4 e3 46. Kc2 Bxd5
47. Kd3 Bf3 0-1

[Event "XVIII Memorial Bertolini"]
[Site "Genova ITA"]
[Date "2013.06.22"]
[Round "3"]
[White "Sanchez, Joseph"]
[Black "Simoncini, Francesco"]
[WhiteElo "2531"]
[BlackElo "2020"]
[Result "1-0"]
[PlyCount "77"]
[EventDate "2013.06.21"]

1. e4 e6 2. d4 d5 3. Nc3 Bb4 4. e5 c5 5. a3 Bxc3+ 6. bxc3 Qc7 7. Bd2 Nc6 8. Qg4
Nge7 9. Bd3 Bd7 10. Nf3 c4 11. Be2 Nf5 12. Qh3 O-O-O 13. g4 Nfe7 14. Ng5 Rdf8
15. f4 f5 16. Rg1 h6 17. Nf3 fxg4 18. Rxg4 Nf5 19. Nh4 Nce7 20. Nxf5 Nxf5 21.
Rg2 Ba4 22. O-O-O Qa5 23. Rdg1 Bxc2 24. Kxc2 Qa4+ 25. Kc1 Qxa3+ 26. Kd1 Qb3+
27. Ke1 Qb1+ 28. Bd1 a5 29. Ke2 b5 30. Rxg7 Qe4+ 31. Kf2 Nxg7 32. Rxg7 Rf5 33.
Bg4 Rxf4+ 34. Bxf4 Qxf4+ 35. Qf3 Qxh2+ 36. Kf1 Qd2 37. Bxe6+ Kb8 38. Bxd5 b4
39. Rb7+ 1-0